Index to the reviews in RICS Abstracts and Reviews 1984-2002 (R738) (Record no. 103060)
[ view plain ]
| 000 -LEADER | |
|---|---|
| fixed length control field | 00812cam a2200193 4500 |
| 001 - CONTROL NUMBER | |
| control field | RV123582 |
| 008 - FIXED-LENGTH DATA ELEMENTS--GENERAL INFORMATION | |
| fixed length control field | 030915n2002 000 0 eng u |
| 035 ## - SYSTEM CONTROL NUMBER | |
| System control number | (Sirsi) u123582 |
| 245 ## - TITLE STATEMENT | |
| Title | Index to the reviews in RICS Abstracts and Reviews 1984-2002 (R738) |
| 260 ## - PUBLICATION, DISTRIBUTION, ETC. | |
| Date of publication, distribution, etc. | 2002 |
| 490 ## - SERIES STATEMENT | |
| Series statement | RICS Abstracts and Reviews |
| Volume/sequential designation | 38(12) December 2002, 12-13 (2) |
| 520 ## - SUMMARY, ETC. | |
| Summary, etc. | Complete list of all topics published in "RICS Abstracts and Reviews" from 1984 -2002 as reviews of the literature, bibliographies, or reading lists. The index or any of the listed reviews are available from the RICS Library, price £4.00. |
| 650 ## - SUBJECT ADDED ENTRY--TOPICAL TERM | |
| Topical term or geographic name entry element | RICS HOT TOPICS |
| 650 ## - SUBJECT ADDED ENTRY--TOPICAL TERM | |
| Topical term or geographic name entry element | RICS REVIEWS |
| 650 ## - SUBJECT ADDED ENTRY--TOPICAL TERM | |
| Topical term or geographic name entry element | READING LISTS |
| 650 ## - SUBJECT ADDED ENTRY--TOPICAL TERM | |
| Topical term or geographic name entry element | BIBLIOGRAPHIES |
| 690 ## - LOCAL SUBJECT ADDED ENTRY--TOPICAL TERM (OCLC, RLIN) | |
| Topical term or geographic name as entry element | MANAGEMENT-BUSINESS MANAGEMENT-INFORMATION MANAGEMENT |
| 942 ## - ADDED ENTRY ELEMENTS (KOHA) | |
| Suppress in OPAC | 0 |
| Withdrawn status | Lost status | Source of classification or shelving scheme | Damaged status | Not for loan | Home library | Current library | Shelving location | Date acquired | Total Checkouts | Full call number | Barcode | Date last seen | Copy number | Price effective from | Koha item type |
|---|---|---|---|---|---|---|---|---|---|---|---|---|---|---|---|
| Dewey Decimal Classification | London | London | Journal article | 15/09/2003 | RV123582 | 123582-1001 | 06/08/2019 | 1 | 06/08/2019 | Reference material |